Movies Quiz

Random Movies or Actor Quiz
Score 0/20 Timer 04:00
0 Plays Today
% Correct
Gary Oldman
89.5%
Idris Elba
78.9%
Will Smith
68.4%
Bruce Willis
63.2%
Angelina Jolie
57.9%
Carrie Fisher
57.9%
Brad Pitt
52.6%
Dan Aykroyd
52.6%
Bill Murray
52.6%
Peter Dinklage
52.6%
% Correct
Tom Cruise
47.4%
Keanu Reeves
47.4%
Jennifer Aniston
42.1%
Scarlett Johansson
42.1%
Donald Glover
42.1%
Tom Hanks
36.8%
James Earl Jones
36.8%
Denzel Washington
36.8%
Zac Efron
31.6%
Neil Patrick Harris
26.3%
Remove Ads.
Support Sporcle.
Get the best of Sporcle when you Go Orange. This ad-free experience offers more features, more stats, and more fun while also helping to support Sporcle. Thank you for becoming a member.

You're not logged in!

Compare scores with friends on all Sporcle quizzes.
OR
Log In

Sporcle TV

Today on Sporcle TV


Watch our educational content, quiz creation guides, and fun videos on Sporcle TV.

Show Comments

Extras

Top Quizzes Today


Score Distribution

Paid Content

Your Account Isn't Verified!

In order to create a playlist on Sporcle, you need to verify the email address you used during registration. Go to your Sporcle Settings to finish the process.

Report this User

Report this user for behavior that violates our Community Guidelines.

Details: